01316cam a2200313 a 4500001001400000003000800014005001700022006001900039007001500058008004100073020003800114040003000152050002100182082001500203100002900218245011800247260002800365300003500393504005100428520022600479521001700705588004700722650001800769650003000787655002900817710001600846776003500862856010500897EDZ0000064255StDuBDS20161031105114.0m||||||||d||||||||cr |||||||||||120327s2002 enk fo| 001|0|eng d a9781446218266 (ebook) :cNo price aStDuBDSbengcStDuBDSepn 0aHM786b.C37 200204a302.352231 aCasey, Catherine,d1958-10aCritical analysis of organizationsh[electronic resource] :btheory, practice, revitalization /cCatherine Casey. aLondon :bSAGE,cc2002. a1 online resource (vi, 218 p.) aIncludes bibliographical references and index.8 aCasey explains the essential critical strands of organisational analysis, examining how central traditions have realigned in relation to the challenge of postmodernism and the new reflexive turn in organizational studies. aSpecialized. aDescription based on print version record. 0aOrganization. 0aOrganizational sociology. 7aElectronic books.2local2 aSage eBooks08iPrint version :z978076195906940uhttp://ezproxy.alfaisal.edu/login?url=http://sk.sagepub.com/books/critical-analysis-of-organizations